Normal view
MARC view
- Ahmed Al Asaal.
Entry Personal Name
001 - CONTROL NUMBER
- control field: 13801
003 - CONTROL NUMBER IDENTIFIER
- control field: NUST
005 - DATE AND TIME OF LATEST TRANSACTION
- control field: 20190311063146.0
008 - FIXED-LENGTH DATA ELEMENTS
- fixed length control field: 190311|| aca||aabn | a|a d
040 ## - CATALOGING SOURCE
- Original cataloging agency: NUST
- Transcribing agency: NUST
100 ## - HEADING--PERSONAL NAME
- Personal name: Ahmed Al Asaal.
670 ## - SOURCE DATA FOUND
- Source citation: Work cat.: (NUST)26929: اسلام کا خاندانی نظام, 2015.
